Sahitya, sanskriti aur bhasha/ (Record no. 145285)

000 -LEADER
fixed length control field 00410nam a22001577a 4500
020 ## - INTERNATIONAL STANDARD BOOK NUMBER
ISBN 9789387187276
082 ## - DEWEY DECIMAL CLASSIFICATION NUMBER
Classification number H4
Item number JAG/S
100 ## - MAIN ENTRY--AUTHOR NAME
Personal name Jagdish Chandra Mathur
245 ## - TITLE STATEMENT
Title Sahitya, sanskriti aur bhasha/
Statement of responsibility, etc by Jagdish Chandra Mathur
260 ## - PUBLICATION, DISTRIBUTION, ETC. (IMPRINT)
Place of publication Delhi:
Name of publisher Nayi Kithab Prakashan,
Year of publication 2018.
300 ## - PHYSICAL DESCRIPTION
Number of Pages 134p.
650 ## - SUBJECT ADDED ENTRY--TOPICAL TERM
Topical Term Essays Hindi
650 ## - SUBJECT ADDED ENTRY--TOPICAL TERM
Topical Term Literature Hindi
650 ## - SUBJECT ADDED ENTRY--TOPICAL TERM
Topical Term Literature
942 ## - ADDED ENTRY ELEMENTS (KOHA)
Koha item type Book
Holdings
Withdrawn status Lost status Damaged status Not for loan Permanent Location Current Location Shelving location Date acquired Cost, normal purchase price Full call number Accession Number Price effective from Koha item type
        Sree Sankaracharya University of Sanskrit Sree Sankaracharya University of Sanskrit Stacks 29.09.2020 275.00 H4 JAG/S 100570 29.09.2020 Book